<?xml version="1.0" encoding="UTF-8"?>
<collection xmlns="http://www.loc.gov/MARC21/slim">
 <record>
  <leader>     na                 </leader>
  <controlfield tag="001">INLIS000000000022073</controlfield>
  <controlfield tag="005">20260204021945</controlfield>
  <datafield tag="035" ind1=" " ind2=" ">
   <subfield code="a">0010-0226000028</subfield>
  </datafield>
  <datafield tag="245" ind1=" " ind2=" ">
   <subfield code="a">Ulang Tahun Redo :</subfield>
   <subfield code="b">Cerita Redo dan Sahabatnya /</subfield>
   <subfield code="c">-</subfield>
  </datafield>
  <datafield tag="250" ind1=" " ind2=" ">
   <subfield code="a">-</subfield>
  </datafield>
  <datafield tag="020" ind1=" " ind2=" ">
   <subfield code="a">9786230048685</subfield>
  </datafield>
  <datafield tag="260" ind1=" " ind2=" ">
   <subfield code="a">Jakarta :</subfield>
   <subfield code="b">PT Elex Media Komputindo,</subfield>
   <subfield code="c">2023</subfield>
  </datafield>
  <controlfield tag="008">260204                           | ind  </controlfield>
  <datafield tag="082" ind1=" " ind2=" ">
   <subfield code="a">808 068</subfield>
  </datafield>
  <datafield tag="084" ind1=" " ind2=" ">
   <subfield code="a">808 068 Red U</subfield>
  </datafield>
  <datafield tag="300" ind1=" " ind2=" ">
   <subfield code="a">25 :</subfield>
   <subfield code="b">- ;</subfield>
   <subfield code="c">21 x 28 cm</subfield>
  </datafield>
  <datafield tag="990" ind1=" " ind2=" ">
   <subfield code="a">46233</subfield>
  </datafield>
  <datafield tag="990" ind1=" " ind2=" ">
   <subfield code="a">46234</subfield>
  </datafield>
 </record>
</collection>
